00688nam a2200241 a 4500001001300000003000900013005001700022008004100039020000900080082001600089100002600105245003500131260003200166300000900198500003500207505001000242650001900252700002600271902000800297942000700305952011700312999001700429nice12345678IN_TiNIC20260116015207.0050524s1999 laha grp 000 0 urd  ac3000a922.97bOME aOmer, Mohammad Suhail aIqbaliyat, July-September 1999 aLahorebIqbal Academyc1999 a163p aincludes index and biblioraphy2 aindex aIqbal Muhammad1 aOmer, Mohammad Suhail bSRS cBK 001040708StackRoom-aHMIbHMId2007-06-06g30.00l0o922.97 OMEp11001193r2007-06-06v30.00w2005-05-24yBK c18703d18703